Гендель

Bibliografiset tiedot
Päätekijä: Роллан Р. Ромен
Yhteenveto:В прил. ст. Р. Роллана: "Плагиаты" Генделя; "Празднество Александра"; "Саул"; "Ода святой Цецилии"; "Геракл"; "Иуда Маккавей"; О Генделевском обществе
Kieli:venäjä
Julkaistu: Москва, Музыка, 1984
Aiheet:
Aineistotyyppi: MixedMaterials Kirja
KOHA link:https://koha.lib.tpu.ru/cgi-bin/koha/opac-detail.pl?biblionumber=296583

MARC

LEADER 00000nam0a2200000 4500
001 296583
005 20231102000924.0
020 |a RU  |b 84-48040 
035 |a (RuTPU)RU\TPU\book\321691 
090 |a 296583 
100 |a 20150601d1984 km y0rusy5003 ca 
101 0 |a rus 
102 |a RU 
105 |a a z 001zb 
200 1 |a Гендель  |f Р. Роллан 
210 |a Москва  |c Музыка  |d 1984 
215 |a 256 с.  |c нот. ил. 
300 |a В прил. ст. Р. Роллана: "Плагиаты" Генделя; "Празднество Александра"; "Саул"; "Ода святой Цецилии"; "Геракл"; "Иуда Маккавей"; О Генделевском обществе 
320 |a Библиогр.: с. 216-239 
320 |a Указатель имен: с. 240-255 
600 1 |a Гендель  |b Г. Ф.  |c немецкий композитор  |c органист  |f 1685-1759  |g Георг Фридрих  |2 stltpush  |3 (RuTPU)RU\TPU\pers\12614  |9 3573 
606 1 |a Композиторы  |2 stltpush  |3 (RuTPU)RU\TPU\subj\15032  |9 41330 
610 1 |a немецкая музыка 
610 1 |a 17 век 
610 1 |a 18 век 
610 1 |a история 
610 1 |a музыкальная культура 
610 1 |a Германия 
610 1 |a персоналии 
675 |a 78.071.1  |z rus  |v 3 
700 1 |a Роллан  |b Р.  |c французский писатель  |f 1866-1944  |g Ромен  |2 stltpush  |3 (RuTPU)RU\TPU\pers\6104  |9 1196 
801 0 |a RU  |b RuMRKP  |c 19950704  |g psbo 
801 1 |a RU  |b 63413507  |c 20150601 
801 2 |a RU  |b 63413507  |c 20181106  |g RCR 
942 |c BK